Ekonomická izolácia poľnohospodárstva

Agropotravinárstvo na Slovensku nevykazuje pozitívne výsledky ani v poslednom období. Jeho konkurencieschopnosť voči hospodársky vyspelému svetu naďalej klesá. Veľký podiel na tomto stave má skutočnosť, že doterajšia transformácia neprekonala izoláciu poľnohospodárstva od spracovateľov, obchodníkov...

Description complète

Enregistré dans:
Détails bibliographiques
Auteur principal: Hutník, Félix
Format: Chapitre de livre
Langue:slovaque
Sujets:
Tags: Ajouter un tag
Pas de tags, Soyez le premier à ajouter un tag!

MARC

LEADER 00000naa a2200000 4500
001 r045011
005 20231004074201.3
041 0 |a slo 
044 |a SK 
245 1 0 |a Ekonomická izolácia poľnohospodárstva  |c Félix Hutník 
520 |a Agropotravinárstvo na Slovensku nevykazuje pozitívne výsledky ani v poslednom období. Jeho konkurencieschopnosť voči hospodársky vyspelému svetu naďalej klesá. Veľký podiel na tomto stave má skutočnosť, že doterajšia transformácia neprekonala izoláciu poľnohospodárstva od spracovateľov, obchodníkov a finančníkov. Návrh niektorých krokov, ktorými by sa mohla izolácia preklenúť. Navrhované opatrenia smerujú tak do oblasti tvorby cien na celej potravinovej vertikále, ako aj k zmene podnikovej štruktúry potravinového hospodárstva. 
610 2 0 |a poľnohospodárstvo 
610 2 0 |a agropotravinárstvo 
610 2 0 |a konkurencieschopnosť 
610 2 0 |a potravinárstvo 
610 2 0 |a integrácia vertikálna 
610 2 0 |a opatrenia racionalizačné 
610 2 0 |a Slovensko 
100 1 |a Hutník, Félix